| 000 | 01123nam a2200349 i 4500 | ||
|---|---|---|---|
| 001 | 200463515 | ||
| 003 | TR-AnTOB | ||
| 005 | 20241230110520.0 | ||
| 007 | ta | ||
| 008 | 241230s2023 tu o b 000 m tur d | ||
| 020 |
_a9786254355813 _q(paperback) |
||
| 035 | _a(TR-AnTOB)200463515 | ||
| 040 |
_aTR-AnTOB _beng _erda _cTR-AnTOB |
||
| 041 | 0 | _atur | |
| 050 | 4 |
_aPL248.K265 _bZ84 2023 |
|
| 090 |
_aPL248.K265 _bZ84 2023 |
||
| 100 | 1 |
_aPolat, Adem _eauthor _9147679 |
|
| 245 | 1 | 0 |
_aSezai Karakoç / _cDoç. Dr. Adem Polat. |
| 250 | _a2. baskı. | ||
| 264 | 1 |
_aAnkara : _bDiyanet İşleri Başkanlığı Yayınları, _c2023. |
|
| 300 |
_a213 pages : _bphotographs ; _c20 cm |
||
| 336 |
_atext _btxt _2rdacontent |
||
| 337 |
_aunmediated _bn _2rdamedia |
||
| 338 |
_avolume _bnc _2rdacarrier |
||
| 490 | 0 |
_aDiyanet İşleri Başkanlığı Yayınları ; _v2465. |
|
| 490 | 0 |
_aHalk Kitapları ; _v702 |
|
| 504 | _aBIB | ||
| 600 | 1 | 0 |
_aKarakoç, Sezai, _d1933-2021 _xEleştiri ve yorum _949121 |
| 710 | 2 |
_aTürkiye. _bDiyanet İşleri Başkanlığı _eissuing body _9141487 |
|
| 942 |
_2lcc _cBK |
||
| 999 |
_c200463515 _d81727 |
||